Embedded control systems in C/C++: an introduction for software developers using MATLAB (Record no. 41717)

MARC details
000 -LEADER
fixed length control field 00730nam a2200181 a 4500
008 - FIXED-LENGTH DATA ELEMENTS--GENERAL INFORMATION
fixed length control field 160421c20049999||||||||||||||||| || u
020 ## - INTERNATIONAL STANDARD BOOK NUMBER
International Standard Book Number 9781578201273
050 ## - LIBRARY OF CONGRESS CALL NUMBER
Classification number CD/QA 76.9.S88 LED
100 ## - MAIN ENTRY--PERSONAL NAME
Personal name Ledin, Jim
245 10 - TITLE STATEMENT
Title Embedded control systems in C/C++: an introduction for software developers using MATLAB
Statement of responsibility, etc. by Jim Ledin
Medium [cd-rom]
260 ## - PUBLICATION, DISTRIBUTION, ETC.
Place of publication, distribution, etc. San Francisco CA:
Name of publisher, distributor, etc. CMP Books
Date of publication, distribution, etc. 2004
300 ## - PHYSICAL DESCRIPTION
Extent 4.75 in.
500 ## - GENERAL NOTE
General note Accompanied by CD-ROM ( See cybrary staff)
650 #0 - SUBJECT ADDED ENTRY--TOPICAL TERM
Topical term or geographic name entry element SYSTEM DESIGN
650 #0 - SUBJECT ADDED ENTRY--TOPICAL TERM
Topical term or geographic name entry element C++ (COMPUTER PROGRAM LANGUAGE)
650 #0 - SUBJECT ADDED ENTRY--TOPICAL TERM
Topical term or geographic name entry element COMPUTER SOFTWARE--DEVELOPMENT
995 ## - RECOMMENDATION 995 [LOCAL, UNIMARC FRANCE]
-- CBU-MAIN LIBRARY (Kitwe)
-- 1
-- AVAILABLE
-- Apr 21, 2016
-- e-Media Collection
Holdings
Withdrawn status Lost status Source of classification or shelving scheme Damaged status Not for loan Home library Current library Shelving location Date acquired Total Checkouts Full call number Barcode Date last seen Price effective from Koha item type
          CBU-MAIN LIBRARY, KITWE. CBU-MAIN LIBRARY, KITWE.   11/30/2022   CD/QA 76.9.S88 LED 20141024 11/30/2022 11/30/2022 MONOGRAPH